000 00840nam a22002297a 4500
005 20160713124725.0
010 _aENG-115414
020 _a9781470425616
_c1140.00
020 _a9871470425616
_c1140.00
035 _aEN-98946
037 _bDBAD/PUB
082 _a577.880151539
100 _aSmith,Hal L.
245 _aDynamical systems and population persistence /
_bby Hal L. Smith [and] Horst R. Thieme
260 _aRhode Island
_bAmerican Mathematical Society
_c2016
270 _aDistributed by-Universties Press,3-6-747/1/A & 3-6 754/1,Himayatnagar
_bHyderabad (Telagana)
_e500029
300 _axvii,405p.
_c24cm(pbk)
490 _aVols-118 ; Graduate studies in Mathematics
500 _aIncludes bibliographical references and Index
700 _aThieme Horst R.
942 _2ddc
_cEN
_h577.880151539
_mSMI
999 _c101257
_d101257